000 01536nam0a2200361 i 4500
001 RU\NLR\bibl\2060542
005 20260407063234.0
010 _a9785699648696
_93000
021 _aRU
_b2013-47487
_9379д/13
035 _a(NLR Aleph) 002047290
090 _a4624686
_c4624686
100 _a20130807d2013 u y0rusy50 ca
101 0 _arus
102 _aRU
105 _ay |||||||||
200 1 _aНовая книга афоризмов
_eпо русским и иностранным источникам
_fКонстантин Душенко
205 _a2-е изд., испр.
210 _aМосква
_cЭксмо
_d2013
215 _a1117, [1] с.
_d21
300 _aНа обл. авт. не указан
300 _aДр. кн. авт. на 3-й с. обл.
311 _aПродолж. "Большой книги афоризмов", изд. в 1999 г.
320 _aБиблиогр.: с. 1114-1117
320 _aУказ. имен и сведения об авторах, указ. темат. рубрик: с. 1005-1113
488 0 _12001#$aБольшая книга афоризмов
_1210##$d1999
_tБольшая книга афоризмов
606 _aАфоризмы
_jСборники
_91063027
_3RU\NLR\auth\6694446
686 _aЯ438(0)
700 1 _4070
_8rus
_7ca
_aДушенко
_bК.В.
_f1946-
_gКонстантин Васильевич
_3RU\NLR\auth\7713457
_9123147
801 0 _aRU
_bNLR
_c20130807
_gRCR
801 1 _aRU
_bNLR
_c20130807
942 _cBOOK
980 _aNBR